|
|
|
|
| LEADER |
00000nam a2200000 a 4500 |
| 001 |
vtls009162918 |
| 003 |
SK-MaSNL |
| 005 |
20260426002239.0 |
| 008 |
160610s2006 xo l f 000 0 slo |
| 015 |
|
|
|a SNBA2008/01-00204
|
| 020 |
|
|
|a 8089052320 (brož.)
|
| 035 |
|
|
|a 6D3A0082-F419-46CA-8F6A-093E2901C995
|
| 035 |
|
|
|a urn:nbn:sk:snk-aml6b0
|
| 035 |
|
|
|a urn:nbn:sk:snk-am008usi
|
| 040 |
|
|
|a SNK
|b slo
|c SNK
|e AACR2
|
| 041 |
0 |
|
|a slo
|
| 043 |
|
|
|a e-xo---
|
| 044 |
|
|
|a xo
|c SK
|
| 072 |
|
7 |
|a 328
|x Zastupiteľské orgány. Vlády
|2 konspekt
|
| 080 |
|
|
|a 328.3
|2 2001
|
| 080 |
|
|
|a 342.537.3/.5
|2 2001
|
| 080 |
|
|
|a (437.6)
|2 2001
|
| 080 |
|
|
|a (035)
|2 2001
|
| 110 |
1 |
|
|a Slovensko.
|b Národná rada
|4 aut
|9 165573
|
| 245 |
1 |
0 |
|a Ako pracuje parlament
|b IV. volebné obdobie
|
| 250 |
|
|
|a [1. vyd.]
|
| 260 |
|
|
|a Bratislava
|b Kancelária Národnej rady SR
|c 2006
|
| 300 |
|
|
|a 191 s.
|b sch., tab.
|c 20 cm
|
| 366 |
|
|
|e 800 výt.
|
| 504 |
|
|
|a Bibliogr. odkazy
|
| 650 |
0 |
7 |
|a zákonodarstvo
|2 SNKPH
|9 1153
|
| 650 |
0 |
7 |
|a parlament
|2 SNKPH
|9 4811
|
| 651 |
|
7 |
|a Slovensko
|2 SNKPH
|9 14231
|
| 655 |
|
7 |
|a príručky
|2 SNKPH
|9 74364
|
| 919 |
|
|
|a 80-89052-32-0
|
| 958 |
|
|
|a NB
|
| 958 |
|
|
|a OND
|
| 968 |
|
|
|d 32
|
| 999 |
|
|
|c 913963
|d 915893
|
| 952 |
|
|
|a SNK
|b SNK
|y PREZ
|7 0
|p 17A0571457
|o snkSC 130000
|i snk2007/25997
|8 0
|0 0
|1 0
|4 0
|d 2007-11-27
|f 1
|l 0
|r 2025-06-18 00:00:00
|w 2026-02-24
|
| 952 |
|
|
|a SNK
|b SNK
|y VYP
|7 0
|p 17A0571456
|o snkSC 130000 D1
|i snk2007/25999
|8 0
|0 0
|1 0
|4 0
|d 2007-11-27
|l 0
|r 2026-02-24 07:54:11
|w 2026-02-24
|